Najlepsi hiszpańscy piłkarze 2025/2026 - Statystyki

Ogólne statystyki
  • Ten quiz został rozwiązany 34 razy
  • Średni wynik to 25 z 50
Statystyki odpowiedzi
KLUB: PIŁKARZ: % Poprawnych
FC Barcelona Gavi
94%
FC Barcelona Pedri
94%
FC Barcelona Pau Cubarsi
88%
Manchester City Rodri
88%
FC Barcelona Eric Garcia
84%
FC Barcelona Ferran Torres
84%
Arsenal David Raya
81%
FC Barcelona Joan Garcia
81%
FC Barcelona Lamine Yamal
81%
Aston Villa Pau Torres
81%
Bayer Leverkusen Aleix Garcia
78%
FC Barcelona Alejandro Balde
75%
FC Barcelona Dani Olmo
75%
Arsenal Mikel Merino
72%
Athletic Bilbao Nico Williams
72%
PSG Fabian Ruiz
69%
FC Barcelona Fermin Lopez
66%
Arsenal Martin Zubimendi
66%
Athletic Bilbao Unai Simon
63%
Inter Mediolan Josep Martinez
59%
Chelsea Marc Cucurella
59%
Real Madryt Dean Huijsen
56%
FC Barcelona Marc Casado
50%
Bayer Leverkusen Alejandro Grimaldo
47%
Real Sociedad Mikel Oyarzabal
47%
Chelsea Robert Sanchez
47%
Athletic Bilbao Dani Vivian
44%
Atletico Madryt Marcos Llorente
44%
Athletic Bilbao Oihan Sancet
44%
Arsenal Cristhian Mosquera
41%
Real Madryt Raul Asencio
41%
Atletico Madryt Alex Baena
38%
Tottenham Pedro Porro
38%
Real Madryt Alvaro Carreras
34%
Manchester City Nico Gonzalez
34%
Atletico Madryt Pablo Barrios
34%
Crystal Palace Yeremy Pino
34%
Chelsea Marc Guiu
31%
Atletico Madryt Robin Le Normand
31%
Como Jesus Rodriguez
28%
AS Roma Angelino
25%
Deportivo de La Coruna Yeremay Hernandez
19%
Porto Borja Sainz
13%
Valencia Javi Guerra
13%
Lazio Mario Gila
9%
Athletic Bilbao Mikel Jauregizar
9%
Los Angeles Galaxy Riqui Puig
9%
Athletic Bilbao Aitor Paredes
6%
Villarreal Alberto Moleiro
6%
Napoli Miguel Gutierrez
6%
Nie znaleziono quizów pasujących do podanych kryteriów
Rozkład punktacji
Procent ludzi z każdym wynikiem
Percentyl według liczby udzielonych odpowiedzi
Twoja historia wyników
Nie rozwiązałeś tego quizu